| 000 | 00638nam a2200181 4500 | ||
|---|---|---|---|
| 001 | 111500 | ||
| 003 | ES-MaACL | ||
| 005 | 20230906185319.0 | ||
| 007 | t| | ||
| 008 | 061121s1981 sp r ||||1| spa d | ||
| 100 | 1 |
_aOlivencia Ruiz, Manuel. _986799 |
|
| 245 | 1 | 0 |
_aConferencia _b: 19 de febrero de 1981 / _cManuel Olivencia Ruiz. |
| 260 |
_aMadrid : _bDirección General de lo Contencioso del Estado, _c1981. |
||
| 300 |
_a16 p. ; _c23 cm. |
||
| 500 | _aTema : Cambio social y reforma del derecho mercantil. | ||
| 710 | 0 | 0 |
_aEspaña. _bDirección General de lo Contencioso del Estado. _93750 |
| 852 |
_aES-MaACL _j2133-F-19 _bR.106778 |
||
| 999 |
_c111500 _d111500 |
||